00293nam a2200121Ia 4500008004100000082001300041100001700054245004300071250001200114260002800126300000900154650000800163191201s2009 xx 000 0 und d a657bDOC aDUTTA,Manash 0aCost Accounting Principal and Practice a1st IMP aN. delhibpearsonc2009 aMISC aBBA